000 00442 a2200181 4500
999 _c12505
_d12505
003 OSt
005 20240130181349.0
008 240130b ||||| |||| 00| 0 eng d
020 _a9789355789037
040 _aBMSCA
041 _aeng
082 _a720.954
_bLFT
100 _aChishti, Iftikhar-mulk
245 _aDXD@10 :
_bwhither design India
250 _a1 Ed.
260 _bIftikhar-mulk Chishti Design X Design
_c2020
942 _2ddc